| 000 | 00472nam a22001457a 4500 | ||
|---|---|---|---|
| 020 | _a978-81-318-0376-9 | ||
| 082 |
_a657 _bSID/A |
||
| 100 | _aSODDIQUI,A .S | ||
| 245 | _aACCOUNTANCY -COMPREHENSIVE(PART A,B AND PROJECT WORK)-XII | ||
| 246 |
_aACCOUNTANCY -COMPREHENSIVE(PART A,B AND PROJECT WORK)-XII _bACCOUNTANCY -COMPREHENSIVE(PART A,B AND PROJECT WORK)-XII |
||
| 260 |
_aNEW DELHI _bLAXMI PUBLICATIONS |
||
| 520 | _aACCOUNTANCY | ||
| 650 | _aACCOUNTANCY | ||
| 942 | _cBK | ||
| 999 |
_c8564 _d8564 |
||